[Event "ESP-ch (Women)"]
[Site "Linares"]
[Date "2017.08.24"]
[Round "6"]
[White "Ortin Blanco, Ainhoa"]
[Black "Hernandez Estevez, Yudania"]
[Result "1/2-1/2"]
[WhiteElo "1961"]
[BlackElo "2211"]
[PlyCount "100"]
[EventDate "2017.08.21"]
[EventType "swiss"]
[EventRounds "9"]
[EventCountry "ESP"]
[SourceTitle "CBM 180 Extra"]
[Source "ChessBase"]
[SourceDate "2017.10.06"]
[SourceVersion "1"]
[SourceVersionDate "2017.10.06"]
[SourceQuality "1"]

1. d4 d5 2. c4 e6 3. Nc3 Nf6 4. cxd5 exd5 5. Bg5 c6 6. e3 Bf5 7. Bd3 Bxd3 8. Qxd3 Be7 9. Nf3 Nbd7 10. h3 0-0 11. Bf4 Re8 12. 0-0 Bf8 13. Nd2 Nb6 14. b3 Bd6 15. Bxd6 Qxd6 16. a3 Nbd7 17. Rfe1 Re6 18. b4 a6 19. Reb1 Rae8 20. a4 Ne4 21. Ncxe4 dxe4 22. Qc2 Qd5 23. Qc4 Qf5 24. Qf1 Rg6 25. Kh2 Nf6 26. Nc4 Rh6 27. Kg1 Qg5 28. Kh1 Ng4 29. Qe2 f5 30. Ne5 Nxe5 31. dxe5 Qe7 32. b5 axb5 33. axb5 Qxe5 34. b6 Rd6 35. Ra7 Rd7 36. Rd1 Red8 37. Rxd7 Rxd7 38. g3 h6 39. Ra8+ Kh7 40. Qa2 Rd5 41. Kg2 Qd6 42. Qa7 Qe7 43. Qb8 Kg6 44. Ra7 Rd7 45. Qf4 Qg5 46. Qb8 Qe7 47. h4 Kf7 48. Ra5 Rd5 49. Ra7 Rd7 50. Ra5 Rd5 1/2-1/2

[Event "ESP-ch (Women)"]
[Site "Linares"]
[Date "2017.08.22"]
[Round "2"]
[White "Hernandez Estevez, Yudania"]
[Black "Perera Borrego, Mariela"]
[Result "0-1"]
[WhiteElo "2211"]
[BlackElo "2116"]
[PlyCount "129"]
[EventDate "2017.08.21"]
[EventType "swiss"]
[EventRounds "9"]
[EventCountry "ESP"]
[SourceTitle "CBM 180 Extra"]
[Source "ChessBase"]
[SourceDate "2017.10.06"]
[SourceVersion "1"]
[SourceVersionDate "2017.10.06"]
[SourceQuality "1"]

1. e4 e6 2. d4 d5 3. Nc3 Nf6 4. e5 Nfd7 5. f4 c5 6. Nf3 Nc6 7. Be3 Be7 8. Qd2 0-0 9. Nd1 cxd4 10. Nxd4 Nxd4 11. Bxd4 f6 12. exf6 Bxf6 13. Nf2 Qc7 14. Bxf6 Nxf6 15. 0-0-0 Bd7 16. g3 b5 17. Bh3 a5 18. Rhe1 Ra6 19. Re3 Rc6 20. Kb1 Rc8 21. Rc1 b4 22. Bf1 Qb6 23. g4 Be8 24. Bd3 Nd7 25. Rh3 Nf8 26. Re1 a4 27. f5 e5 28. Rxe5 b3 29. axb3 axb3 30. c3 Qa5 31. Nd1 Rc4 32. Kc1 Ra4 33. Bb1 Bf7 34. Re7 Rxg4 35. Qe2 Qa4 36. Rg3 Qf4+ 37. Qe3 Rh4 38. Qxf4 Rxf4 39. Bd3 Re8 40. Rb7 Re1 41. Kd2 Rh1 42. Rxb3 d4 43. Rb7 Rxh2+ 44. Ke1 Rh1+ 45. Kd2 g6 46. cxd4 Rxd4 47. Kc3 Rd6 48. Ne3 Rc1+ 49. Kd2 Ra1 50. Ng4 Bc4 51. Nf6+ Rxf6 52. Bxc4+ Kh8 53. fxg6 Rxg6 54. Rh3 Ra8 55. b4 Rg7 56. Rxg7 Kxg7 57. b5 Kf6 58. Rh6+ Ke5 59. Kc3 Ra7 60. Kb4 Kf5 61. b6 Rb7 62. Bd5 Rb8 63. Rc6 Ke5 64. Kc4 h5 65. Rh6 0-1

[Event "ESP-chT CECLUB Div1"]
[Site "Linares"]
[Date "2017.08.18"]
[Round "5.1"]
[White "Prado Acebo, Ines"]
[Black "Hernandez Estevez, Yudania"]
[Result "0-1"]
[WhiteElo "2107"]
[BlackElo "2211"]
[PlyCount "86"]
[EventDate "2017.08.14"]
[EventType "team"]
[EventRounds "7"]
[EventCountry "ESP"]
[SourceTitle "CBM 180 Extra"]
[Source "ChessBase"]
[SourceDate "2017.10.06"]
[SourceVersion "1"]
[SourceVersionDate "2017.10.06"]
[SourceQuality "1"]
[WhiteTeam "Solvay II"]
[BlackTeam "Extremadura Magic"]
[WhiteTeamCountry "ESP"]
[BlackTeamCountry "ESP"]

1. d4 d5 2. c4 e6 3. Nc3 c6 4. cxd5 exd5 5. Nf3 Nf6 6. Bg5 Be7 7. e3 Bf5 8. Bd3 Bxd3 9. Qxd3 Nbd7 10. 0-0 0-0 11. a3 a5 12. Na4 Ne4 13. Bxe7 Qxe7 14. Rfb1 Rfe8 15. b4 b5 16. Nc5 Nexc5 17. dxc5 Ne5 18. Nxe5 Qxe5 19. Qd1 g6 20. a4 axb4 21. axb5 Rxa1 22. Rxa1 cxb5 23. Rb1 Rc8 24. Qd4 Qe7 25. Rc1 b3 26. Qc3 b2 27. Qxb2 Rxc5 28. Ra1 Qb7 29. Ra5 Qc6 30. g3 d4 31. Ra1 d3 32. Qd4 Rd5 33. Qb2 h5 34. Rc1 Qd7 35. e4 Rd4 36. Qd2 Rxe4 37. Rc3 Rd4 38. Rc5 Rd5 39. Rc3 h4 40. Ra3 Qd8 41. Ra6 Rd6 42. Ra7 h3 43. Qa2 Qf6 0-1

[Event "ESP-ch rapid"]
[Site "Linares"]
[Date "2017.08.13"]
[Round "2"]
[White "Dvirnyy, Danyyil"]
[Black "Hernandez Estevez, Yudania"]
[Result "1-0"]
[WhiteElo "2558"]
[BlackElo "2211"]
[PlyCount "63"]
[EventDate "2017.08.13"]
[EventType "swiss (rapid)"]
[EventRounds "9"]
[EventCountry "ESP"]
[SourceTitle "CBM 179 Extra"]
[Source "ChessBase"]
[SourceDate "2017.08.23"]
[SourceVersion "1"]
[SourceVersionDate "2017.08.23"]
[SourceQuality "1"]

1. d4 d5 2. c4 c6 3. Nf3 Nf6 4. e3 a6 5. Bd3 Bg4 6. h3 Bh5 7. Nc3 e6 8. 0-0 Nbd7 9. b3 Bd6 10. Bb2 0-0 11. Be2 Qe7 12. Ne5 Bxe2 13. Nxe2 Ba3 14. Qc2 Rfd8 15. cxd5 exd5 16. Nd3 Ne4 17. Rae1 Bd6 18. f3 Ng3 19. Nxg3 Bxg3 20. Re2 f5 21. Bc3 Re8 22. Bb4 Bd6 23. Be1 Qg5 24. f4 Qe7 25. Ne5 Qe6 26. g4 Rf8 27. Rg2 Bxe5 28. dxe5 b6 29. Bb4 Rf7 30. Bd6 c5 31. Qd3 fxg4 32. hxg4 1-0